| 000 | 01087cam a22003377a 4500 | ||
|---|---|---|---|
| 003 | CHAP | ||
| 005 | 20220329141718.0 | ||
| 008 | 971013s1969 r 00010 d | ||
| 010 | _a72660 | ||
| 011 | _a73632 | ||
| 035 | _a83190 | ||
| 040 | _cCHAP | ||
| 090 | _aTesis | ||
| 100 | 0 | 0 |
_aCandia Zeballos, José Daniel. _918337 |
| 245 | 0 |
_aDecline of insecticidal sotivity in plants treated with furadan _b: temik and di-syston |
|
| 260 |
_aNew York : _bThe author, _c1969 |
||
| 300 |
_a103 p. _b: ilus. |
||
| 502 | _aThesis (Ph. D) -- Cornell University. Faculty of Graduate School | ||
| 590 |
_aALEPH _b10 _c20130110 _lUCH01 _h1413 |
||
| 590 |
_aBATCH-UPD _b10 _c20130110 _lUCH01 _h0359 |
||
| 590 |
_aBATCH-UPD _b10 _c20130410 _lUCH01 _h0032 |
||
| 590 |
_aBATCH-UPD _b10 _c20130914 _lUCH01 _h0832 |
||
| 590 |
_aCONVERSION _b10 _c20130109 _lUCH01 _h1340 |
||
| 650 | 1 | 4 |
_aDi-syston. _932380 |
| 650 | 1 | 4 |
_aFuradan. _944057 |
| 650 | 1 | 4 |
_aInsectos _xResistencia a insecticidas. _958941 |
| 650 | 1 | 4 |
_aTemik. _9112173 |
| 901 | _aBK | ||
| 942 | _cTESIS | ||
| 949 |
_bBC _cTES _d-37605 _eTS1 _i83190 _si |
||
| 999 |
_c72660 _d72660 |
||